000 01808nam a2200349 c 4500
003 BLK
005 20180420223019.0
008 180408b bul|||||r ||||||| ||bul||
010 _aKNG00065069000
020 _a954-02-0003-2
_bиздат.: Наука и изкуство - (многотомно изд.)
020 _a954-02-0005-9
_bиздат.: Наука и изкуство - на том
040 _aBLK
041 _aBUL
_cBUL
080 _aМатематика
_b51
_x(075.4)
_z51(075.4)
080 _aГеометрия. Топология вж 515.1
_b514
_x(075.4)
_z514(075.4)
139 _a[Четиридесет и една] 41 лекции по математика за зрелостници и кандидат-студенти
_bЧ 75
245 1 0 _a[Четиридесет и една] 41 лекции по математика за зрелостници и кандидат-студенти
_bКн. 1 - За том: Лекции 4 - 5
_nКн. 2
_pТриъгълник и окръжност - начални сведения
257 _aBGR
260 София
_c1991 -
300 _c22 см
380 _a5
500 _aСПЕЦ. ФОНД - Ч
650 4 _aГеометрия
_9151948
653 _aгеометрия
653 _aучебни помагала
760 1 _3- (многотомно изд.)
_dНаука и изкуство, 1991
_h32 с. : с черт., 22 см
_nДруги авт. Б. Лазаров, И. Трендафилов, Й. Табов, П. Кошлуков. - 10 070 тир.
_tКн. 2 Триъгълник и окръжност - начални сведения
852 _aЦб 167596
856 4 _qpdf
_u
856 4 _qpdf
_u
942 _cKNG
_n0
944 _aCR
_c13.06.2004
_kЧиталня
944 _aED
_c22.10.2015
_kРадостина_Карадакова
999 _c60881
_d60881